000
00329nam a2200133Ia 4500
008
150301s2015 xx 000 0 und d
082
_a
614.1
_b
P15A
100
_a
AGARWAL , S.P
245
_a
PHARMACEUTICAL JURISPRUDENCE & ETHICS
260
_b
BIRLA PUBLISHER
300
_a
272
650
_a
LEGAL PHARMACY
942
_2
ddc
_c
BK
_0
20
999
_c
7054
_d
7054